| 000 | 01234nam a22002897i 4500 | ||
|---|---|---|---|
| 999 |
_c23091 _d23091 |
||
| 003 | AR-CdUCM | ||
| 008 | 241025b20122012 pe||||| |||| 00| 0 spa d | ||
| 040 |
_aMUNICIPALIDAD PROVINCIAL DEL CUSCO _cBIBLIOTECA MUNICIPAL DEL CUSCO |
||
| 082 |
_a277.081 / G31 _bG31 |
||
| 100 |
_aGavazzi, Adine _950710 |
||
| 245 |
_aMicrocosmos : _bVisión andina en los espacios prehispánicos / |
||
| 260 |
_aLima : _bApus Graph Ediciones SAC. _c2012 |
||
| 300 |
_a199 páginas. : _c35 cm. |
||
| 500 | _zBibliografía: páginas 183-187 | ||
| 505 | _aCosmovisiones y cosmologías prehispánicas -- Modelos: expresiones simbólicas de lugares reales -- La mirada simbólica temprana -- La construcción ritualizada Recuay -- Los modelos cosmológicos Moche -- Los espacios visionarios Paracas y Nazca -- La codificación de un imaginario en la costa tardía -- La sierra tardía y el universo expresivo Inca | ||
| 650 |
_aCivilización _91048 |
||
| 650 |
_aCultura _9126 |
||
| 650 |
_aNaturaleza _94241 |
||
| 650 |
_aParacas _950711 |
||
| 650 |
_aNazca _950712 |
||
| 650 |
_aMoche _913089 |
||
| 650 |
_aCosmovisión _950713 |
||
| 650 |
_aCosmología _913090 |
||
| 650 |
_aRituales _96673 |
||
| 942 |
_2ddc _cLIBROS |
||
| 945 |
_apbj _d25-10-2024 |
||